Механизм протонирования стиролов сборник статей
В сборнике статей систематизированы результаты научных исследований по механизму протонирования некоторых стиролов. Для получения обычного катионного полистирола важно знать механизмы элементарных актов, так как именно эти знания позволят получать полимеры стирола с заранее заданными свойствами, что...
Guardado en:
| Formato: | Книга |
|---|---|
| Lenguaje: | Russian |
| Publicado: |
Волгоград
ВолГУ
2018
|
| Acceso en línea: | https://e.lanbook.com/book/144237 https://e.lanbook.com/img/cover/book/144237.jpg |
| Etiquetas: |
Agregar Etiqueta
Sin Etiquetas, Sea el primero en etiquetar este registro!
|
| LEADER | 02399nam0a2200253 i 4500 | ||
|---|---|---|---|
| 001 | 144237 | ||
| 003 | RuSpLAN | ||
| 005 | 20221220174052.0 | ||
| 008 | 221220s2018 ru gs 000 0 rus | ||
| 020 | |a 978-5-9669-1844-6 | ||
| 040 | |a RuSpLAN | ||
| 041 | 0 | |a rus | |
| 044 | |a ru | ||
| 080 | |a 541.64:547.3:544.183.26 | ||
| 084 | |a 24.5я43 |2 rubbk | ||
| 245 | 0 | 0 | |a Механизм протонирования стиролов |b сборник статей |
| 260 | |a Волгоград |b ВолГУ |c 2018 | ||
| 300 | |a 147 с. | ||
| 504 | |a Библиогр.: доступна в карточке книги, на сайте ЭБС Лань | ||
| 520 | 8 | |a В сборнике статей систематизированы результаты научных исследований по механизму протонирования некоторых стиролов. Для получения обычного катионного полистирола важно знать механизмы элементарных актов, так как именно эти знания позволят получать полимеры стирола с заранее заданными свойствами, что в свою очередь, необходимо знать, например, при использовании катионного полистирола в качестве теплоизолятора различных бетонов. Полученные энергетические характеристики (энергетические барьеры, тепловые эффекты) могут способствовать получению таких полистиролов, что позволит регулировать теплоизоляционные свойства полимербетонов. Сборник статей предназначен для молодых ученых, научных работников, студентов, аспирантов, докторантов и профессоров, специализирующихся в химии полистиролов и полимербетонов. | |
| 521 | 8 | |a Книга из коллекции ВолГУ - Химия | |
| 856 | 4 | |u https://e.lanbook.com/book/144237 | |
| 856 | 4 | 8 | |u https://e.lanbook.com/img/cover/book/144237.jpg |
| 953 | |a https://e.lanbook.com/img/cover/book/144237.jpg | ||